आर गुप्ता कृत पाँपुलर मास्टर गाइड एल.आई.सी.ए.डी.ओ.अप्रैन्टिस विकास अधिकारी परीक्षा (Record no. 1309)
[ view plain ]
| 000 -LEADER | |
|---|---|
| fixed length control field | 01126 a2200205 4500 |
| 005 - DATE AND TIME OF LATEST TRANSACTION | |
| control field | 20181127114219.0 |
| 010 ## - LCCN (DPL NO) | |
| LC control number | HIN-79159 B-233560 |
| 020 ## - INTERNATIONAL STANDARD BOOK NUMBER | |
| Terms of availability | 225.00 |
| 035 ## - SYSTEM CONTROL NUMBER | |
| System control number | HN-51505 |
| 035 ## - SYSTEM CONTROL NUMBER | |
| System control number | B-233560 |
| 035 ## - SYSTEM CONTROL NUMBER | |
| System control number | B-233586 ,B-233578 B-233579 |
| 037 ## - SOURCE OF ACQUISITION | |
| Source of stock number/acquisition | D.B.Act / pub |
| 082 ## - DEWEY DECIMAL CLASSIFICATION NUMBER | |
| Classification number | 000 |
| 245 ## - TITLE STATEMENT | |
| Title | आर गुप्ता कृत पाँपुलर मास्टर गाइड एल.आई.सी.ए.डी.ओ.अप्रैन्टिस विकास अधिकारी परीक्षा |
| 246 ## - VARYING FORM OF TITLE | |
| Title proper/short title | R. Gupta krit popular master guide L. I. C. A. D. O. aprentice vicas adhicari pricsha |
| 260 ## - PUBLICATION, DISTRIBUTION, ETC. (IMPRINT) | |
| Place of publication, distribution, etc | नई दिल्ली |
| Name of publisher, distributor, etc | रमेश पब्लिशिंग हाउस |
| Date of publication, distribution, etc | 2008 |
| 270 ## - ADDRESS | |
| Address | 12-एच, न्यू दरियागंज रोड़,ट्रैफिक कोतवाली के सामने |
| City | नई दिल्ली |
| Postal code | 110002 |
| Telephone number | 23261567 |
| Fax number | 011-23275124 |
| Electronic mail address | info@rameshpublishinghouse.com |
| 300 ## - PHYSICAL DESCRIPTION | |
| Extent | वि. पृ. |
| Dimensions | 24 सेमी (सजिल्द) |
| 942 ## - ADDED ENTRY ELEMENTS (KOHA) | |
| Institution code [OBSOLETE] | dpl |
| Item type | Hindi Books |
| Call number prefix | 000 / आरगु |
| Source of classification or shelving scheme | Dewey Decimal Classification |
| Classification part | 000 |
| Call number suffix | आरगु |
| Withdrawn status | Lost status | Not for loan | Collection code | Home library | Current library | Date acquired | Cost, normal purchase price | Full call number | Barcode | Copy number | Cost, replacement price | Koha item type | Source of acquisition |
|---|---|---|---|---|---|---|---|---|---|---|---|---|---|
| Not For Loan | Non-fiction | D.B.Act.Division | D.B.Act.Division | 08/09/2008 | 225.00 | 000 आरगु | HN-51505 | 1 | 225.00 | Hindi Books | |||
| Non-fiction | R.C.Libraries (zls) | R.C.Libraries (zls) | 27/11/2018 | 225.00 | 000 आरगु | B-233579 | 225.00 | Hindi Books | |||||
| Non-fiction | Sarojini Nagar | Sarojini Nagar | 23/01/2012 | 225.00 | 000 आरगु | B-233560 | 1 | 225.00 | Hindi Books | ||||
| Non-fiction | Sarojini Nagar | Sarojini Nagar | 24/01/2012 | 225.00 | 000 आरगु | B-233586 | 225.00 | Hindi Books | |||||
| Non-fiction | Tri Nagar | Tri Nagar | 10/08/2018 | 225.00 | 000 आरगु | B-233578 | 225.00 | Hindi Books | BPPD/PUB |
